000
00486nam a2200145Ia 4500
008
100204s9999 xx 000 0 und d
082
_b
682
100
_a
फडके नारायण सिताराम
245
_a
या इथे तरुतळी
260
_b
"नीलकंठ प्रकाशन, पुणे"
_c
"1977,2"
300
_a
173
630
_a
या इथे तरुतळी
730
_a
या इथे तरुतळी
942
_c
BOOK
999
_c
445877
_d
445874